| 000 | 00421nam a2200133Ia 4500 | ||
|---|---|---|---|
| 008 | 200908s9999 xx 000 0 und d | ||
| 020 | _a978-971-98-0514-4 | ||
| 100 | _aJeong, Luz Suplico | ||
| 245 |
_cLuz Suplico Jeong _aInternational marketing/ |
||
| 260 |
_aQuezon City: _bC and E Publishing, Inc. _c2016 |
||
| 300 |
_ax, 252 pages _c22 cm. |
||
| 650 | _aExport marketing | ||
| 650 | _aInternational business enterprises | ||
| 999 |
_c364135 _d364135 |
||